Ptghabutsutʻyun bolori hamar /

Saved in:
Bibliographic Details
Main Author: Safaryan, Khachʻik Ēloyi.
Format: Book
Language:Armenian
Published: Erevan : "Luys", 1991.
Subjects:
Tags: Add Tag
No Tags, Be the first to tag this record!
LEADER 00745nam a2200253 a 4500
001 007745274-7
005 20020606104010.5
008 980324s1991 ai a b 000|0 arm d
020 |a 5545008217 
035 0 |a ocm39745507 
050 0 0 |a SB357  |b .S34 1991 
100 1 |a Safaryan, Khachʻik Ēloyi. 
245 1 0 |a Ptghabutsutʻyun bolori hamar /  |c Kh. E. Safaryan. 
246 1 |i Title on t.p. verso:  |a Plodovodstvo dli︠a︡ vsekh 
260 |a Erevan :  |b "Luys",  |c 1991. 
300 |a 208 p. :  |b ill. ;  |c 23 cm. 
504 |a Includes bibliographical references (p. 204). 
650 0 |a Fruit-culture. 
650 0 |a Fruit trees. 
650 0 |a Fruit-culture. 
650 0 |a Fruit. 
752 |a Armenia (Republic)  |d Yerevan. 
988 |a 20020608 
906 |0 MH